Atlas histórico y geográfico /

Guardado en:
Formato: Libro
Publicado: Buenos Aires : Estrada, 1998
Materias:
Etiquetas: Agregar Etiqueta
Sin Etiquetas, Sea el primero en etiquetar este registro!
LEADER 00635nam a22002175a 4500
001 CEM.cems009859
005 20080704103042.0
008 130507s1998##################000#0#####d
003 CEMS
020 |a 9500107155 
082 0 4 |a 912 
245 0 0 |a Atlas histórico y geográfico / 
260 |a Buenos Aires :  |b Estrada,  |c 1998 
300 |a 15 p. 
500 |a Acompaña El Libro de la sociedad en el tiempo y el espacio 9 Egb 
653 |a Ciencias sociales 
653 |a Ciencias sociales-9 egb 
653 |a Atlas 
653 |a Atlas histórico 
653 |a Atlas geográfico 
859 |a CEMS  |b BIB. CEMS - 11 de abril  |h 912  |i Es88  |p 20143.98  |t Ej.1